Vtipné riešenia pre delikátne úlohy
Sofistikované riešenia z oblasti automatizácie, ktoré sa stále častejšie objavujú aj v iných odvetviach ako v strojárskej či v elektrotechnickej výrobe. Automatizačné riešenia a ich využitie v agrosektore.
Gespeichert in:
| 1. Verfasser: | |
|---|---|
| Format: | Buchkapitel |
| Sprache: | Slowakisch |
| Schlagworte: | |
| Tags: |
Keine Tags, Fügen Sie das erste Tag hinzu!
|
MARC
| LEADER | 00000naa a2200000 4500 | ||
|---|---|---|---|
| 001 | 0174337 | ||
| 005 | 20231011123255.5 | ||
| 041 | 0 | |a slo | |
| 044 | |a SK | ||
| 245 | 1 | 0 | |a Vtipné riešenia pre delikátne úlohy |c Peter Marianyi |
| 520 | |a Sofistikované riešenia z oblasti automatizácie, ktoré sa stále častejšie objavujú aj v iných odvetviach ako v strojárskej či v elektrotechnickej výrobe. Automatizačné riešenia a ich využitie v agrosektore. | ||
| 610 | 2 | 0 | |a automatizácia výroby |
| 610 | 2 | 0 | |a systémy výrobné automatizované |
| 610 | 2 | 0 | |a modernizácia organizácie a riadenia výroby |
| 610 | 2 | 0 | |a agropotravinárstvo |
| 100 | 1 | |a Marianyi, Peter | |